| 000 | 00000nam##2200000za#4500 |
| 001 | 9.579823 |
| 003 | CaOODSP |
| 005 | 20210624190739 |
| 007 | cr ||||||||||| |
| 008 | 150406|2001||||xxc|||||o f|0| 0 eng|d |
| 040 | |aCaOODSP|beng |
| 043 | |an-cn--- |
| 086 | 1 |aEn163-1/13E-PDF |
| 110 | 1 |aCanada. |bEnvironment Canada. |bOntario Region. |
| 245 | 10|aSoil remediation : |h[electronic resource]|blow temperature thermal desorption |
| 260 | |aDownsview - Ontario : |bEnvironment Canada. |
| 300 | |a4p.|bfig., references, table |
| 490 | 1 |aTABs on contaminated sites|vTAB #13 |
| 590 | |a14-13-Supp|b2014-06-23 |
| 690 | 07|aDecontamination|2gcpds |
| 690 | 07|aSoil pollution|2gcpds |
| 775 | 08|tAssainissement du sol : |w(CaOODSP)9.607074 |
| 830 | #0|aTABs on contaminated sites ;|vTAB #13|w(CaOODSP)9.507838 |
| 856 | 40|ahttp://publications.gc.ca|qPDF|s89 KB|uhttps://publications.gc.ca/collections/collection_2014/ec/En163-1-13-eng.pdf|yTAB #13 |